[Event "Regionalliga NO 1617"]
[Site "Bayern"]
[Date "2017.01.15"]
[Round "4.6"]
[White "Walther, Reinhard"]
[Black "Nehls, Benedikt"]
[Result "0-1"]
[WhiteElo "1899"]
[BlackElo "2013"]
[PlyCount "78"]
[EventDate "2016.10.16"]
[EventType "team-tourn"]
[EventRounds "9"]
[EventCountry "GER"]
[SourceTitle "EXT 2019"]
[Source "ChessBase"]
[SourceDate "2018.10.10"]
[SourceVersion "1"]
[SourceVersionDate "2018.10.10"]
[SourceQuality "1"]
[WhiteTeam "Herzogenaurach II"]
[BlackTeam "Erlangen SC II"]
[WhiteTeamCountry "GER"]
[BlackTeamCountry "GER"]

1. d4 Nf6 2. Bg5 Ne4 3. Bf4 c5 4. f3 Qa5+ 5. c3 Nf6 6. d5 d6 7. e4 g6 8. Nd2 Bg7 9. Ne2 0-0 10. h4 h5 11. Nc4 Qd8 12. a4 b6 13. Qd2 Re8 14. Bh6 Bh8 15. Nf4 Nh7 16. Be2 Nd7 17. 0-0-0 a6 18. Rdg1 b5 19. Ne3 bxa4 20. g4 hxg4 21. Nxg4 a3 22. b3 Qa5 23. Kc2 Rb8 24. h5 g5 25. Bxg5 Nxg5 26. Nh6+ Kh7 27. Rxg5 Kxh6 28. Ne6 Qxc3+ 29. Qxc3 Bxc3 30. Kxc3 fxe6 31. Rg6+ Kh7 32. Rhg1 Nf6 33. Rg7+ Kh8 34. Rf7 Rg8 35. Rg6 Rxg6 36. hxg6 exd5 37. Rxe7 Rb7 38. Rxb7 Bxb7 39. exd5 Nxd5+ 0-1

[Event "Mittelfranken-chTB1 1314"]
[Site "Mittelfranken"]
[Date "2014.03.30"]
[Round "8.6"]
[White "Ziegler, Peter"]
[Black "Nehls, Benedikt"]
[Result "0-1"]
[WhiteElo "1758"]
[BlackElo "2013"]
[PlyCount "60"]
[EventDate "2013.10.20"]
[EventType "team-tourn"]
[EventRounds "9"]
[EventCountry "GER"]
[SourceTitle "EXT 2020"]
[Source "ChessBase"]
[SourceDate "2019.10.17"]
[SourceVersion "1"]
[SourceVersionDate "2019.10.17"]
[SourceQuality "1"]
[WhiteTeam "Nuernberg Zabo"]
[BlackTeam "Erlangen SC II"]
[WhiteTeamCountry "GER"]
[BlackTeamCountry "GER"]

1. e4 c5 2. d4 cxd4 3. c3 dxc3 4. Nxc3 Nc6 5. Nf3 Nf6 6. Bc4 e6 7. e5 d5 8. exf6 dxc4 9. Bg5 Qa5 10. 0-0 h6 11. fxg7 Bxg7 12. Bh4 0-0 13. Qe2 Qh5 14. Qxc4 Nd4 15. Nxd4 Qxh4 16. f4 b6 17. Nf3 Qh5 18. Rad1 Bb7 19. Rd7 Rfc8 20. Qd3 Bc6 21. Rd6 Bf8 22. Rd4 Bc5 23. Kh1 Bxd4 24. Qxd4 Rd8 25. Qf2 Bb7 26. Ne5 f6 27. Nf3 Rd7 28. Qe3 Re8 29. Re1 Qf5 30. h3 Rd3 0-1

[Event "Forchheim op-B 12th"]
[Site "Forchheim"]
[Date "2013.09.28"]
[Round "2"]
[White "Brandenburger, Uwe"]
[Black "Nehls, Benedikt"]
[Result "0-1"]
[WhiteElo "2020"]
[BlackElo "2005"]
[PlyCount "68"]
[EventDate "2013.09.27"]
[EventType "swiss"]
[EventRounds "5"]
[EventCountry "GER"]
[SourceTitle "EXT 2019"]
[Source "ChessBase"]
[SourceDate "2018.10.10"]
[SourceVersion "1"]
[SourceVersionDate "2018.10.10"]
[SourceQuality "1"]

1. e4 c5 2. Nf3 d6 3. d4 cxd4 4. Nxd4 Nf6 5. Nc3 a6 6. h3 g6 7. Be3 Bg7 8. Be2 Nc6 9. 0-0 0-0 10. f4 Bd7 11. Bf3 Rc8 12. Qd2 Qc7 13. a4 Na5 14. Qf2 Nc4 15. Bc1 Qb6 16. Nb3 Qxf2+ 17. Rxf2 b6 18. g4 Bc6 19. Nd2 Nxd2 20. Bxd2 Nd7 21. Re2 Nc5 22. a5 b5 23. Rb1 Ne6 24. Be3 Nd4 25. Bxd4 Bxd4+ 26. Kg2 Bxc3 27. bxc3 Bb7 28. Re3 Rc4 29. Ra1 Rfc8 30. Ra3 R8c5 31. Kg3 Ra4 32. Rxa4 bxa4 33. Be2 a3 34. Bd3 Rxc3 0-1

[Event "Mittelfranken-chTB1 1213"]
[Site "Germany"]
[Date "2013.01.27"]
[Round "1.3"]
[White "Thuerauf, Peter"]
[Black "Nehls, Benedikt"]
[Result "1-0"]
[WhiteElo "1851"]
[BlackElo "2007"]
[PlyCount "35"]
[EventDate "2012.10.07"]
[EventType "team-tourn"]
[EventRounds "9"]
[EventCountry "GER"]
[SourceTitle "EXT 2019"]
[Source "ChessBase"]
[SourceDate "2018.10.10"]
[SourceVersion "1"]
[SourceVersionDate "2018.10.10"]
[SourceQuality "1"]
[WhiteTeam "Nuernberg Sued SW III"]
[BlackTeam "Erlangen SC II"]
[WhiteTeamCountry "GER"]
[BlackTeamCountry "GER"]

1. d4 Nf6 2. Nf3 c5 3. d5 b5 4. e4 Nxe4 5. Bd3 Qa5+ 6. Nbd2 Nf6 7. 0-0 Bb7 8. c4 Qc7 9. b3 b4 10. Bb2 d6 11. Qc2 Nbd7 12. Ng5 g6 13. f4 h6 14. Nxf7 Kxf7 15. Bxg6+ Kg8 16. Qf5 Rh7 17. Bxh7+ Nxh7 18. Qe6# 1-0

[Event "Mittelfranken-chTB1 1213"]
[Site "Germany"]
[Date "2012.10.21"]
[Round "2.3"]
[White "Nehls, Benedikt"]
[Black "Cipra, Lothar"]
[Result "1-0"]
[WhiteElo "2007"]
[BlackElo "1953"]
[PlyCount "73"]
[EventDate "2012.10.07"]
[EventType "team-tourn"]
[EventRounds "9"]
[EventCountry "GER"]
[SourceTitle "EXT 2019"]
[Source "ChessBase"]
[SourceDate "2018.10.10"]
[SourceVersion "1"]
[SourceVersionDate "2018.10.10"]
[SourceQuality "1"]
[WhiteTeam "Erlangen SC II"]
[BlackTeam "Schwanstetten"]
[WhiteTeamCountry "GER"]
[BlackTeamCountry "GER"]

1. Nf3 d5 2. c4 e6 3. d4 Nf6 4. Bg5 Be7 5. Nc3 Nbd7 6. cxd5 exd5 7. e3 c6 8. Bd3 Ne4 9. Bxe7 Qxe7 10. Qc2 f5 11. 0-0 0-0 12. Rfe1 g5 13. Nd2 g4 14. Ne2 Qh4 15. g3 Qh6 16. Nf4 Ndf6 17. Nxe4 fxe4 18. Bf1 Nh5 19. b4 Nxf4 20. exf4 Rf6 21. b5 Bd7 22. Qb3 Qh5 23. Rxe4 Qf7 24. Re5 Kg7 25. Rae1 Re8 26. bxc6 Bxc6 27. Qa3 Rxe5 28. Rxe5 Re6 29. Qxa7 Rxe5 30. dxe5 Qf5 31. Qd4 Qb1 32. Kg2 Qxa2 33. e6+ Kg8 34. Qf6 d4+ 35. Kg1 Qa3 36. e7 Qa8 37. Bc4+ 1-0

[Event "Split op 2nd"]
[Site "Split"]
[Date "2012.08.16"]
[Round "6"]
[White "Nehls, Benedikt"]
[Black "Liepold, Stefan"]
[Result "1/2-1/2"]
[WhiteElo "1988"]
[BlackElo "2208"]
[PlyCount "76"]
[EventDate "2012.08.11"]
[EventType "swiss"]
[EventRounds "9"]
[EventCountry "CRO"]
[SourceTitle "CBM 149 Extra"]
[Source "ChessBase"]
[SourceDate "2012.08.24"]
[SourceVersion "1"]
[SourceVersionDate "2012.08.24"]
[SourceQuality "1"]

1. Nf3 Nf6 2. c4 g6 3. Nc3 d5 4. cxd5 Nxd5 5. Qa4+ c6 6. Nxd5 Qxd5 7. e4 Qd8 8. d4 Bg7 9. Be3 0-0 10. Be2 c5 11. Rd1 Bd7 12. Qa3 cxd4 13. Nxd4 Qc7 14. 0-0 Nc6 15. Nb5 Qc8 16. f4 Bg4 17. Bf3 Bxf3 18. Rxf3 Rd8 19. Rff1 Qg4 20. Rde1 Qd7 21. Nc3 Qd3 22. e5 e6 23. Qa4 Nd4 24. Bf2 b5 25. Qa6 Bf8 26. Kh1 Nc2 27. Rd1 Qc4 28. Qxb5 Qxb5 29. Nxb5 a6 30. Nd6 Nb4 31. Ne4 Nxa2 32. Bh4 Rxd1 33. Rxd1 Rc8 34. h3 Rc1 35. Nf6+ Kg7 36. Ne8+ Kg8 37. Nf6+ Kg7 38. Ne8+ Kg8 1/2-1/2

[Event "Forchheim op 10th"]
[Site "Forchheim"]
[Date "2011.10.09"]
[Round "5"]
[White "Wagner, Florian"]
[Black "Nehls, Benedikt"]
[Result "1-0"]
[WhiteElo "2255"]
[BlackElo "1983"]
[PlyCount "79"]
[EventDate "2011.10.07"]
[EventType "swiss"]
[EventRounds "5"]
[EventCountry "GER"]
[SourceTitle "CBM 144 Extra"]
[Source "ChessBase"]
[SourceDate "2011.10.28"]
[SourceVersion "1"]
[SourceVersionDate "2011.10.28"]
[SourceQuality "1"]

1. f4 Nf6 2. Nf3 c5 3. a3 e6 4. c3 d5 5. b4 c4 6. d3 cxd3 7. exd3 Be7 8. Qe2 0-0 9. g3 Bd7 10. Bh3 a5 11. Ra2 axb4 12. cxb4 Na6 13. 0-0 Nc7 14. Be3 Nb5 15. Qb2 Ra4 16. Nd4 Nxd4 17. Bxd4 Ra8 18. Nc3 Bd6 19. Re1 Re8 20. Bg2 Bc7 21. Bf3 Rc8 22. Qf2 Bd6 23. Bb6 Bc7 24. Bc5 Bb8 25. Rae2 b5 26. Kg2 Bc6 27. Bd4 Bd6 28. Nb1 Bb7 29. Nd2 Ra8 30. Ra1 Qd7 31. Nb3 Bf8 32. Nc5 Qc8 33. h3 Nd7 34. Nb3 Nf6 35. Na5 Qd7 36. Rc1 Rec8 37. f5 exf5 38. Bxf6 gxf6 39. Qd4 Re8 40. Rxe8 1-0